Estatísticas para Teste rápido de matemática - Teste curto de matemática - Quiz 1

Clique aqui para jogar o quiz

Estatísticas Gerais

  • Esse quiz foi jogado 53 vezes
  • A pontuação média é 13 de 15

Estatísticas das Respostas

HintResposta% Correto
78 - 23 =55
100%
76 - 4 =72
98%
4 + 76 =80
95%
23 + 78 =101
93%
117 + 29 =146
88%
128 : 4 =32
88%
32 + 99 =131
86%
153 - 19 =134
83%
76 : 4 =19
83%
115 - 97 =18
79%
146 + 88 =234
76%
23 x 11 =253
74%
4 x 76 =304
71%
117 - 29 =88
69%
234 - 119 =115
67%

Distribuição das Pontuações

Percentil de Números Respondidos

Porcentagem de Pessoas com Cada Pontuação

Sua Pontuação Histórica

Você não jogou esse quiz